00302nam a22001097a 4500020001800000040000900018082001700027100002100044245006600065260003700131650002400168 a9780130895684 cNust a629.892bMAR aMartin, . G Fred aRobotic Exploration,bA Hands on Introduction to Engineering aNew Jersey:bTom Robbins,c2001. aRobotic Exploration